000 00862nac a22002651u 4500
010 _a 2006006774
020 _a0756619408 (hardcover)
020 _a9780756619404
035 _a(OCoLC)ocm64510447
082 0 0 _a578.734
_bM324
090 _c2547
_d2547
100 _aMarent, Thomas.
245 1 0 _aRainforest /
_cThomas Marent with Ben Morgan.
250 _a1st American ed.
260 _aNew York :
_bDK Pub.,2006
_c2006.
300 _a360 p. :
_bchiefly col. ill., col. maps ;
_c31 cm.
500 _aIncludes index.
650 0 _aRain forests.
650 0 _aRain forests
_vPictorial works.
856 4 1 _3Table of contents
_uhttp://www.loc.gov/catdir/toc/ecip069/2006006774.html
942 _cNB
_k578.734 M324
_hRDA-MOD
999 _c2547
_d2547
336 _2rdacontent
_atext
_btxt
337 _aunmediated
_2rdamedia
_bn
338 _avolume
_bnc
_2rdacarrier